Statistiques concernant Les équipes participant à l'Euro 2017 de football féminin

Cliquez ici pour prendre le quiz!

Statistiques générales

  • Ce quiz a été pris 129 fois
  • Le résultat moyen est 15 sur 16

Statistiques - réponses

GroupeEquipe% Correct
CFrance
99%
BAllemagne
98%
DAngleterre
98%
DEspagne
98%
APays-Bas
98%
ANorvège
96%
DPortugal
96%
BSuède
95%
ABelgique
94%
BItalie
94%
CSuisse
94%
ADanemark
92%
BRussie
87%
CAutriche
83%
DEcosse
81%
CIslande
76%

Distribution des résultats

Percentile par nombre de réponses

% des personnes avec chaque résultat

Votre développement - résultats

Vous n’avez pas pris ce quiz